| 000 | 00537nam a2200169 i 4500 | ||
|---|---|---|---|
| 001 | 33416 | ||
| 003 | ES-MaACL | ||
| 005 | 20230906154743.0 | ||
| 007 | t| | ||
| 008 | 030202s1957 sp ||||1| spa d | ||
| 100 | 1 |
_aBindt, Juliet. _928915 |
|
| 245 | 1 | 3 |
_aLa educación del ciego / _cpor Juliet Bindt ; [versión española de Manuel Bosch]. |
| 260 |
_aBarcelona, etc. : _bPro Médica, _c1957 ( _fMariano Galve) |
||
| 300 |
_a238 p., 1 lám. ; _c22 cm. |
||
| 700 | 1 |
_aBosch Barrett, Manuel. _930649 |
|
| 852 |
_aES-MaACL _jC-11895 _bR.40101 |
||
| 999 |
_c33416 _d33416 |
||